000 00392nam a2200181Ia 4500
001 9927
005 20260306161754.0
008 260306t2008||||xx |||||||||||||| ||spa||
041 _aESP
082 _a808.51
_bS12 2008
100 _aInstituto Cervantes
_eAUT
245 0 _aSaber hablar
260 _c2008
300 _a
_c
650 _aGEN
654 _aCHU
942 _cLIB
_dJUS
_fJUS
_2ddc
_n
999 _c9927
_d9927